Breve historia del teatro argentino : afirmación de la escena criolla /
Guardado en:
| Autor Principal: | |
|---|---|
| Formato: | Libro |
| Publicado: |
Buenos Aires :
Eudeba,
1963
|
| Series: | Del Siglo y Medio ; No. 43
|
| Materias: | |
| Etiquetas: |
Agregar Etiqueta
Sin Etiquetas, Sea el primero en etiquetar este registro!
|
| LEADER | 00828nam a22002415a 4500 | ||
|---|---|---|---|
| 001 | CEM.cems004761 | ||
| 005 | 20060217000000.0 | ||
| 008 | 130507s1963##################000#0#####d | ||
| 003 | CEMS | ||
| 082 | 0 | 4 | |a A862 |
| 100 | 1 | |a Ordaz, Luis | |
| 245 | 1 | 0 | |a Breve historia del teatro argentino : |b afirmación de la escena criolla / |
| 260 | |a Buenos Aires : |b Eudeba, |c 1963 | ||
| 300 | |a 263 p. | ||
| 490 | 0 | |a Del Siglo y Medio ; No. 43 | |
| 505 | 0 | |a Canción trágica.- La piedra de esc ndalo.- Al campo!.- | |
| 653 | |a Literatura | ||
| 653 | |a Literatura argentina | ||
| 653 | |a Teatro | ||
| 653 | |a Teatro argentino | ||
| 859 | |a CEMS |b BIB. CEMS - 11 de abril |h A862 |i B758/III |p 9187.81 |t Ej.1 | ||
| 859 | |a CEMS |b BIB. CEMS - 11 de abril |h A862 |i B758/III |p 9188.81 |t Ej.2 | ||
| 859 | |a CEMS |b BIB. CEMS - 11 de abril |h A862 |i B758/III |p 9189.81 |t Ej.3 | ||
